000 00733cam a22002293a 4500
001 12235
003 PGUSA
005 20140828083246.0
008 040501s2004||||xxu|||||s|||||000 | eng d
040 _aPGUSA
_beng
042 _adc
050 4 _aKF
100 1 _aStimson, Frederic Jesup,
_d1855-1943
245 1 0 _aPopular Law-making :
_bA study of the origin, history, and present tendencies of law-making by statute
_h[electronic resource] /
_cFrederic Jesup Stimson
260 _bProject Gutenberg,
_c2004
506 _aPublic domain in the USA.
516 _aElectronic text
653 _aLegislation -- United States
830 0 _aProject Gutenberg
_v12235
856 4 0 _uhttp://www.gutenberg.org/ebooks/12235
942 _cEB
999 _c241490
_d241490